000 00234nam a22000977a 4500
008 170112b xxu||||| |||| 00| 0 eng d
041 _aeng
080 _a612.8
245 _aANNUAL REVIEW IN FAMILY MEDICINE
_cWAXMAN, N.L
942 _2udc
_cBK
999 _c2819
_d2819